Quizzes
Events
Quiz Creation
Community
Videos
Private Events
Remove Ads
Sign In
Join for FREE
Feedback
Dark Mode
Quiz Categories
Sports
Geography
Music
Movies
Television
Just For Fun
Miscellaneous
History
Literature
Language
Science
Gaming
Entertainment
Religion
Holiday
For Kids
Quiz Lab
Recent
Popular Today
Quiz Kudos Today
Editor Picks
Curator Picks
Quizzes by...
Day
Popularity
Type
Ratings
Length
Year
Community
Subscriptions
Recent Discussions
Orange Saloon
Badges
Playlists
Quests
Create
Leaderboards
Showdown
Live 5
Trivia Bingo
Activity
Puzzle Library
Sporcle Events
Private Events
Virtual Trivia
Globe League
Become a Host
Pub Owners
SporcleCon
Opinionation
Our Games
Videos
Blog
Mobile Apps
Partnerships
Remove Ads and Go Orange
Feedback
Music
Pop Music
The Beatles
Song
Album
Lyrics
Bands
Singers
Artist
Clip
Rock
Rap
Classical
Billboard
Country Music
Kpop
Taylor Swift
Music
Pop Music
The Beatles
Song
Album
Lyrics
Bands
Singers
Artist
Clip
Rock
Rap
Classical
Billboard
Country Music
Kpop
Taylor Swift
Random Quiz
Search Sporcle
×
Quiz Lab
Quiz Lab
Music
Kpop
Type answers based on single images at one time
Type answers based on single images at one time
Slideshow
Best Score? Go Orange.
Guess My Kpop Bias Stats
Can you guess my kpop bias?
By
finlaygabriella
20m
105 Questions
338 Plays
338 Plays
338 Plays
Comments
Comments
Give Quiz Kudos
Give Quiz Kudos
-
- Ratings
hide this ad
Replay
Link that replays current quiz
Next Quiz
Link to next quiz in quiz playlist
You Got
0%
They Got
Avg Score
43%
Avg Friend Score
Upgrade to see
Score Distribution
Jump to the score distribution portion of the page
Score
0/105
Timer
20:00
0
Plays Today
% Correct
JB
89.1%
Xiumin
86.1%
Suga
85.8%
Rose
85.5%
Mingyu
84.9%
Shownu
83.7%
Jisoo
83.7%
Seungri
83.7%
Onew
83.4%
N
81.1%
Hani
79.6%
Hwasa
79.3%
Mino
77.8%
Sana
76.3%
Johnny
75.7%
Siwon
75.7%
Sunny
75.4%
Irene
75.1%
Sungjae
74.3%
Ten
74.3%
P.O
72.5%
Rocky
71.9%
BM
71.3%
Luna
70.7%
Suzy
69.2%
Leeteuk
69.2%
Dean
68%
Taeil
66.6%
Zelo
66.6%
Youngk
66.3%
Wonpil
64.8%
Sunggyu
64.2%
Bora
63.9%
Doyoung
62.7%
Jessi
62.7%
% Correct
Haechan
61.5%
Jay Park
60.4%
Yuju
55.9%
Baekho
55.9%
Dowoon
53.8%
CNU
53.6%
Rowoon
52.7%
Hyeri
52.7%
Zion T
52.7%
Hongki
51.8%
Donghyuk
51.5%
Yuto
50%
Takuya
49.4%
Junho
49.1%
Atom
47.3%
Nana
47%
Gikwang
46.4%
Crush
46.4%
Seungjun
46.2%
Changjo
44.4%
Jungshin
42.3%
Kuhn
37%
Cory
36.7%
Heize
35.5%
Donghyun
33.1%
Hyejeong
31.4%
Jeongmin
31.4%
Yezi
29%
Sejeong
28.7%
H.O
28.4%
Sejun
26.9%
Seungyeon
26.6%
Loco
25.7%
Alex
24.9%
Simba
24.3%
% Correct
Jonghoon
21.3%
Mijoo
21%
Yein
20.7%
Heedo
20.4%
Nara
20.4%
Sojung
20.1%
Minsu
20.1%
Rena
18.9%
Feeldog
18.3%
Lee Geon
18%
Gray
16.6%
Lim Kim
15.4%
Ayno
15.1%
26
13.6%
Junhyuk
13.6%
Sebin
12.4%
Woohee
11.8%
Ooon
11.2%
Sungjun
11.2%
Hightop
10.4%
Kid
9.8%
Jinseok
9.2%
Minsung
8.9%
Hoody
8.6%
Gitaek
7.7%
PK
7.7%
A - Day
7.7%
Sion
6.5%
Taichi
6.5%
Lex
6.2%
DPR Live
5%
K - Kid
4.7%
Ziki
3.8%
Elo
3.6%
Jungha
3.3%
Quiz Playlist
Details
Report
Send in Message
Add To Playlist
Slideshow:
Type answers based on single images at one time
Last Updated: May 19, 2017
Quiz Scoreboard
CHALLENGE
Sign Up to Join the Scoreboard
Show All
Scores
Hide
Comments
May contain spoilers
Recently Published
One Thing in Common: World Cities II
by knightlancer
Geography
7m
Popular People in 1961
by mucciniale
History
6m
1-10 Letter E Words III
by El_Dandy
Language
2m
More to Explore
Quiz From the Vault
Featured Blog Post
Where Did the Easter Bunny Come From?
hide this ad
You Might Also Like...
Tags
Kpop Quiz
2ne1
Big Bang
Block B
Kpop Idol
Kpop Quiz
SHINee
Super Junior
Today's Top Quizzes in Music
Browse Music
hide this ad
Today's Top Quizzes in Kpop
Browse Kpop
Top Contributed Quizzes in Music
1
Taylor Swift All Songs (2024)
2
2010s Album by Cover III
3
Taylor Swift Logic Puzzle
4
One Thing in Common: Music
5
Guess the Artist- 70s Songs
6
Guess the Taylor Swift song (Mystery Song)
7
2010s Album by Cover V
8
2010s Album by Cover IV
9
Lana Del Rey Discography (BTD to DYKTTATUOB)
10
KPOP LOGIC QUIZ
Explore More
Trending Topics
Crossword
Disney
Kpop
Harry Potter
NBA
Anime
Marvel
Pokémon
NFL
Puzzle
WWE
Soccer
Country
Song
The Office
hide this ad
More By:
finlaygabriella
Quiz
Plays
Rating
Category
Featured
Created
My favourite Produce 101 season 2 songs
394
3.00
Music
Aug 22, 2017
Guess My Kpop Bias
338
3.67
Music
May 14, 2017
Kpop Playlist
222
3.67
Music
Apr 5, 2020
Can you name my Bias and Bias Wrecker?
160
3.80
Music
Mar 26, 2020
Name the Most attractive Kpop Idols
124
5.00
Music
May 14, 2017
Go to Creator's Profile
Score Distribution
Quiz Creator Spotlight
finlaygabriella
Follow
Send a Message
Quizzes Created
-
Created Quiz Play Count
-
More By This Creator
Popular Quizzes Today
1
Find the US States - No Outlines Minefield
2
The Countries of the World
3
Popular People in 1961
4
Find the Countries of Europe - No Outlines Minefield
5
1-10 Letter E Words III
6
Find the US States
7
One Thing in Common: World Cities II
8
US States
More Music Quizzes
Band Member Click: The Prodigy
Quiz Lab
Trending Quizzes
1-10 Letter F Words
1-10 Letter G Words
Risky Map Clicking: Next State Alphabetically
1-10 Letter F Words II
Risky Map Clicking: States by Unique Starting Letters
Recently Updated
Leaping Animals
pecheneg
Reality TV Shows (A-Z)
bhenderson79
Rickey Henderson's Hall of Fame Teammates
pecheneg
Champions League XIs: Arsenal
pecheneg
Quick Pick: Celebrities in WWE's Hall of Fame
aduchscher
A-Z Keypad Blitz II
pecheneg
Multiple Oscar Actors
pecheneg
Mystery Phrase Blitz: Oscar 'Best Actors'
pecheneg
F. Scott Fitzgerald Novels
LTH
Pick 3 Villains
ddd62291
Trending Topics
NBA
Anime
Kpop
Crossword
Harry Potter
Disney
Marvel
WWE
Puzzle
Country
Song
Soccer
The Office
NFL
Pokémon
Your Account Isn't Verified!
In order to create a playlist on Sporcle, you need to verify the email address you used during registration. Go to your
Sporcle Settings
to finish the process.
Report this User
Report this user for behavior that violates our
Community Guidelines
.
Details:
Send Report
Go to the Sporcle.com Mobile Site →
Comments